[Event "Ghent Eastman op 40th"]
[Site "Ghent"]
[Date "2017.07.17"]
[Round "5"]
[White "Van Akkeren, Arno"]
[Black "Maes, Thomas"]
[Result "1-0"]
[WhiteElo "2086"]
[BlackElo "2201"]
[PlyCount "31"]
[EventDate "2017.07.15"]
[EventType "swiss"]
[EventRounds "9"]
[EventCountry "BEL"]
[SourceTitle "CBM 179 Extra"]
[Source "ChessBase"]
[SourceDate "2017.08.23"]
[SourceVersion "1"]
[SourceVersionDate "2017.08.23"]
[SourceQuality "1"]

1. e4 d6 2. d4 Nf6 3. Nc3 g6 4. Nf3 Bg7 5. Bd3 0-0 6. 0-0 Nc6 7. h3 e6 8. Bg5 h6 9. Bh4 g5 10. Bg3 Ne7 11. e5 Nfd5 12. Ne4 Nf5 13. Bh2 Nf4 14. g4 Ne7 15. Bxf4 gxf4 16. g5 1-0

[Event "Le Touquet op 21st"]
[Site "Le Touquet"]
[Date "2006.10.31"]
[Round "5"]
[White "Pauwels, Rudi"]
[Black "Maes, Thomas"]
[Result "0-1"]
[WhiteElo "1986"]
[BlackElo "2204"]
[PlyCount "86"]
[EventDate "2006.10.28"]
[EventType "swiss"]
[EventRounds "9"]
[EventCountry "FRA"]
[SourceTitle "EXT 2007"]
[Source "ChessBase"]
[SourceDate "2006.11.23"]
[SourceVersion "1"]
[SourceVersionDate "2006.11.23"]
[SourceQuality "1"]

1. d4 Nf6 2. Nf3 e6 3. Bf4 d5 4. e3 Be7 5. h3 0-0 6. Nbd2 c5 7. c3 Nc6 8. Bd3 g6 9. g4 cxd4 10. exd4 Nd7 11. Qe2 a6 12. h4 e5 13. dxe5 Nc5 14. g5 d4 15. Ne4 dxc3 16. Nxc5 cxb2 17. Qxb2 Bxc5 18. Rd1 Qd5 19. Be2 Qe4 20. Be3 Bxe3 21. fxe3 Bg4 22. Kf2 Rfe8 23. Qb1 Bxf3 24. Bxf3 Qxe5 25. Qb3 Na5 26. Qd3 Rac8 27. e4 Nc4 28. Qd4 Qf4 29. e5 Qxe5 30. Qxe5 Nxe5 31. Bxb7 Rc2+ 32. Kg3 Rc3+ 33. Kg2 Rb8 34. Rhe1 Rxb7 35. Rxe5 Rb2+ 36. Kg1 Rg3+ 37. Kf1 Rh3 38. Kg1 Rxh4 39. Ra5 Rg4+ 40. Kf1 Rf4+ 41. Kg1 Rb5 42. Rd5 Rxd5 43. Rxd5 Rf5 0-1

[Event "FRA-chT2B 0506"]
[Site "France"]
[Date "2006.03.11"]
[Round "8.1"]
[White "Maes, Thomas"]
[Black "Bernard, Christophe"]
[Result "0-1"]
[WhiteElo "2190"]
[BlackElo "2324"]
[PlyCount "110"]
[EventDate "2005.10.27"]
[EventType "team-tourn"]
[EventRounds "11"]
[EventCountry "FRA"]
[SourceTitle "EXT 2006"]
[Source "ChessBase"]
[SourceDate "2005.11.24"]
[SourceVersion "1"]
[SourceVersionDate "2005.11.24"]
[SourceQuality "1"]
[WhiteTeam "Lille"]
[BlackTeam "Pontoise"]
[WhiteTeamCountry "FRA"]
[BlackTeamCountry "FRA"]

1. d4 Nf6 2. c4 g6 3. Nc3 d5 4. Nf3 Bg7 5. cxd5 Nxd5 6. Na4 0-0 7. e4 Nb6 8. Nc5 N6d7 9. Nxd7 Nxd7 10. Be2 c5 11. d5 Nf6 12. Qc2 e6 13. dxe6 Bxe6 14. 0-0 Qe7 15. Bg5 h6 16. Bh4 Qc7 17. Rac1 Qf4 18. e5 Nd7 19. Bg3 Qb4 20. Rfd1 Rfe8 21. a3 Qa5 22. Rd6 Bf5 23. Bd3 Bxd3 24. Qxd3 c4 25. Qxc4 Nb6 26. Qb4 Qxb4 27. axb4 Rac8 28. Rdd1 a6 29. Kf1 Bf8 30. Bf4 g5 31. Rxc8 Rxc8 32. Be3 Nc4 33. Bd4 Bxb4 34. h3 b5 35. Ra1 Rc6 36. g4 a5 37. Kg2 a4 38. h4 gxh4 39. Nxh4 Bc5 40. Nf5 Kh7 41. Rb1 Bxd4 42. Nxd4 Rc5 43. b3 Nd2 44. Rb2 Nxb3 45. Nxb3 axb3 46. Rxb3 Rxe5 47. f4 Rc5 48. Kf3 Kg6 49. Rd3 Rc6 50. Ke3 b4 51. Rd5 Rb6 52. Kd2 b3 53. Kc1 b2+ 54. Kb1 Rb4 55. Rf5 f6 0-1

[Event "Le Touquet op 20th"]
[Site "Le Touquet"]
[Date "2005.10.29"]
[Round "9"]
[White "Maes, Thomas"]
[Black "Manet, Eric"]
[Result "1-0"]
[WhiteElo "2195"]
[BlackElo "2045"]
[PlyCount "73"]
[EventDate "2005.10.23"]
[EventType "swiss"]
[EventRounds "9"]
[EventCountry "FRA"]
[SourceTitle "EXT 2006"]
[Source "ChessBase"]
[SourceDate "2005.11.24"]
[SourceVersion "1"]
[SourceVersionDate "2005.11.24"]
[SourceQuality "1"]

1. d4 Nf6 2. c4 g6 3. Nc3 d5 4. cxd5 Nxd5 5. Na4 Bg7 6. e4 Nb6 7. Be3 0-0 8. Nf3 Bg4 9. Nc5 Bxf3 10. gxf3 Qc8 11. h4 h5 12. f4 N8d7 13. f5 Nxc5 14. dxc5 Nd7 15. fxg6 fxg6 16. Bh3 Rd8 17. Qb3+ Kf8 18. 0-0-0 c6 19. Qe6 Qc7 20. Rxd7 Rxd7 21. Qxd7 Qe5 22. Qd2 Qxe4 23. Re1 Qxh4 24. Be6 b6 25. Bg5 Qd4 26. Qxd4 Bxd4 27. cxb6 axb6 28. Re4 Bf6 29. Bh6+ Ke8 30. Re2 Ra4 31. f3 c5 32. Rg2 Rb4 33. b3 Rh4 34. Rxg6 Rh1+ 35. Kc2 Rh2+ 36. Kd3 Kd8 37. Bf4 1-0